| 000 | 00934nam a22002057a 4500 | ||
|---|---|---|---|
| 999 |
_c1859 _d1859 |
||
| 003 | AR-CdUCM | ||
| 008 | 190228b ||||| |||| 00| 0 spa d | ||
| 040 |
_aMUNICIPALIDAD PROVINCIAL DEL CUSCO _cBIBLIOTECA MUNICIPAL DEL CUSCO |
||
| 082 |
_22 ed. _a985.63 / _bV21 |
||
| 100 |
_aValenzuela Zea, Waldo _96810 |
||
| 245 | _aLos kotaneras / | ||
| 260 |
_aCusco : _b[Alpha], _c2006. |
||
| 300 |
_a224 páginas ; _c20 cm. |
||
| 505 | _aAparición del hombre -- La América hace 20 mil años -- La Región andina -- Periodificación y sucesión cronológica de la cultura peruana -- Análisis interpretativo de la historia de Apurímac -- La Confederación de los Chankas --Los aymaras, Kotaneras, Kutaqpampas, Chumpihuillcas, Umasuyus, Yanawaras - Pachakutec en el Kuntisuyu ... | ||
| 650 |
_aApurímac _91025 |
||
| 650 |
_aHistoria de Apurímac _96811 |
||
| 650 |
_aÉpoca Inka _96812 |
||
| 942 |
_2ddc _cLIBROS |
||
| 945 |
_araen _d2019-02-28 |
||